000 00729nam a2200253Ia 4500
003 OSt
005 20220918194151.0
006 a|||||r|||| 00| 0
007 ta
008 220917b |||||||| |||| 00| 0 eng d
024 _a78,076
037 _cTextual
040 _aARTS
_cARTS
_beng
041 _2eng
_aeng
082 _aS, J02
100 _aKeller Fred S
_983785
245 0 _aPrinciples of psychology
_b a systematic text in the science of behavior
260 _c1950
490 _aCentury psychology series, ed by Richard M Elliott; 21
650 _aPSYCHOLOGY
700 _a Schoenfeld William N
_983786
942 _hS, J02
_cTEXL
_2CC
999 _c201930
_d201930